[Event "SVR-ch MTA"]
[Site "Lahnstein"]
[Date "2019.04.14"]
[Round "3"]
[White "Marquardt, Christian"]
[Black "Bruziks, George"]
[Result "1-0"]
[WhiteElo "2091"]
[BlackElo "2014"]
[PlyCount "65"]
[EventDate "2019.04.13"]
[EventType "tourn"]
[EventRounds "7"]
[EventCountry "GER"]
[SourceTitle "EXT 2021"]
[Source "ChessBase"]
[SourceDate "2020.10.23"]
[SourceVersion "1"]
[SourceVersionDate "2020.10.23"]
[SourceQuality "1"]

1. c4 e5 2. g3 Bc5 3. Nc3 f5 4. Bg2 Nf6 5. e3 Nc6 6. Nge2 e4 7. d3 Bb4 8. 0-0 exd3 9. Qxd3 d6 10. Nd5 a5 11. a3 Bc5 12. b3 Ne5 13. Qc2 0-0 14. Bb2 Nxd5 15. cxd5 Qe7 16. Nd4 Bd7 17. Rac1 Rae8 18. Qc3 Bb6 19. h3 Rf6 20. f4 Nf7 21. Rfe1 Rg6 22. Kh2 Qf6 23. Qc2 Qd8 24. Nxf5 Bxf5 25. Qxf5 Bxe3 26. Rc2 Bb6 27. Rce2 Rxe2 28. Rxe2 Nh6 29. Qe4 Qf8 30. Bf3 Nf5 31. Bg4 Bg1+ 32. Kg2 Bh2 33. Kxh2 1-0

[Event "SVR-ch MTA"]
[Site "Lahnstein"]
[Date "2019.04.13"]
[Round "2"]
[White "Bruziks, George"]
[Black "Fink, Christian"]
[Result "1-0"]
[WhiteElo "2014"]
[BlackElo "2151"]
[PlyCount "99"]
[EventDate "2019.04.13"]
[EventType "tourn"]
[EventRounds "7"]
[EventCountry "GER"]
[SourceTitle "EXT 2021"]
[Source "ChessBase"]
[SourceDate "2020.10.23"]
[SourceVersion "1"]
[SourceVersionDate "2020.10.23"]
[SourceQuality "1"]

1. e4 c5 2. Nf3 e6 3. b4 cxb4 4. a3 Nc6 5. axb4 Bxb4 6. c3 Be7 7. d4 d5 8. e5 Bd7 9. Bd3 a6 10. h4 h5 11. Ng5 g6 12. Qf3 Bxg5 13. hxg5 Qc7 14. Ba3 Nxe5 15. dxe5 Qxe5+ 16. Qe3 Qxe3+ 17. fxe3 Bb5 18. Bxb5+ axb5 19. Bb2 Rxa1 20. Bxa1 h4 21. g4 Rh7 22. Na3 f5 23. gxf5 exf5 24. Nxb5 Kd7 25. Nd4 Re7 26. Kd2 Re4 27. Nf3 f4 28. exf4 Rxf4 29. Rh3 Ne7 30. Bb2 Nf5 31. Kd3 Ng3 32. Nxh4 Ne4 33. Nxg6 Rf1 34. Rh7+ Kd8 35. Rxb7 Rg1 36. Rb5 Rxg5 37. Nf4 Rg3+ 38. Kd4 Nf2 39. Rxd5+ Kc7 40. Ba3 Rf3 41. Bd6+ Kc6 42. Be5 Ng4 43. Rd6+ Kb7 44. Nd5 Rf1 45. Rb6+ Kc8 46. Bf4 Kd7 47. Kc5 Nf2 48. Rb7+ Ke6 49. Re7+ Kf5 50. Ne3+ 1-0

[Event "Rheinland Pfalz op 10th"]
[Site "Nickenich"]
[Date "2018.06.02"]
[Round "6"]
[White "Bruziks, George"]
[Black "Farmani Anosheh, Yasha"]
[Result "1/2-1/2"]
[WhiteElo "2008"]
[BlackElo "2164"]
[PlyCount "61"]
[EventDate "2018.05.31"]
[EventType "swiss"]
[EventRounds "7"]
[EventCountry "GER"]
[SourceTitle "EXT 2019"]
[Source "ChessBase"]
[SourceDate "2018.10.10"]
[SourceVersion "1"]
[SourceVersionDate "2018.10.10"]
[SourceQuality "1"]

1. e4 e5 2. Nf3 Nc6 3. d4 exd4 4. Nxd4 Nf6 5. Nc3 Bb4 6. Nxc6 bxc6 7. Bd3 d5 8. exd5 0-0 9. 0-0 cxd5 10. Bg5 c6 11. Qf3 Bd6 12. h3 Rb8 13. Na4 Be6 14. b3 c5 15. Rad1 h6 16. Bxf6 Qxf6 17. Qxf6 gxf6 18. Bc4 d4 19. Nb2 Rbd8 20. Rfe1 Rfe8 21. Kf1 Bc7 22. Re2 Ba5 23. Bd3 Bd5 24. Nc4 Bc3 25. Na3 Rxe2 26. Bxe2 Re8 27. Bd3 a6 28. Nb1 Bb2 29. Nd2 Bb7 30. Nc4 Bc3 31. Nd6 1/2-1/2

[Event "Rheinland Pfalz op 10th"]
[Site "Nickenich"]
[Date "2018.05.31"]
[Round "2"]
[White "Bruziks, George"]
[Black "Trepkowski, Piotr"]
[Result "0-1"]
[WhiteElo "2008"]
[BlackElo "1769"]
[PlyCount "64"]
[EventDate "2018.05.31"]
[EventType "swiss"]
[EventRounds "7"]
[EventCountry "GER"]
[SourceTitle "CBM 184 Extra"]
[Source "ChessBase"]
[SourceDate "2018.06.28"]
[SourceVersion "1"]
[SourceVersionDate "2018.06.28"]
[SourceQuality "1"]

1. e4 e5 2. Nf3 Nc6 3. d4 exd4 4. Nxd4 Bc5 5. Nb3 Bb6 6. Nc3 Nf6 7. a4 a6 8. Bd3 h6 9. Qe2 d6 10. a5 Ba7 11. Be3 Bxe3 12. Qxe3 Be6 13. Nd4 Nxd4 14. Qxd4 0-0 15. 0-0 Qe7 16. f4 Rad8 17. Qf2 d5 18. e5 Ng4 19. Qg3 f5 20. exf6 Nxf6 21. f5 Bf7 22. Ra4 Rfe8 23. Rh4 Kh7 24. b4 c5 25. Rg4 Qe3+ 26. Qxe3 Rxe3 27. Rgf4 c4 28. Kf2 Rde8 29. Nxd5 Bxd5 30. Bxc4 Bxc4 31. Rxc4 Re2+ 32. Kg1 Rd2 0-1

[Event "SVR-ch MT-B"]
[Site "Hennweiler"]
[Date "2018.03.29"]
[Round "4"]
[White "Bruziks, George"]
[Black "Schwab, Thomas"]
[Result "0-1"]
[WhiteElo "1984"]
[BlackElo "1997"]
[PlyCount "80"]
[EventDate "2018.03.24"]
[EventType "tourn"]
[EventRounds "7"]
[EventCountry "GER"]
[SourceTitle "EXT 2020"]
[Source "ChessBase"]
[SourceDate "2019.10.17"]
[SourceVersion "1"]
[SourceVersionDate "2019.10.17"]
[SourceQuality "1"]

1. e4 c5 2. Nf3 d6 3. Bb5+ Nc6 4. 0-0 Bd7 5. c3 Nf6 6. Re1 a6 7. Bf1 Bg4 8. h3 Bxf3 9. Qxf3 e6 10. d3 Be7 11. Be3 d5 12. exd5 Nxd5 13. Nd2 0-0 14. Nb3 b6 15. d4 cxd4 16. Nxd4 Ne5 17. Qe4 Qc7 18. Rad1 Nxe3 19. Rxe3 Bf6 20. Qf4 Ra7 21. Rg3 Kh8 22. a3 b5 23. Qe4 Rd8 24. Re1 Rd5 25. Rge3 g6 26. f4 Nc4 27. Nxe6 fxe6 28. Bxc4 bxc4 29. Qxe6 Rd6 30. Qe8+ Kg7 31. f5 Qd7 32. Qb8 Rb7 33. Qa8 Rxb2 34. Re8 Qf7 35. R1e6 Rbd2 36. fxg6 hxg6 37. Qe4 Rxe6 38. Rxe6 Bg5 39. Qe5+ Bf6 40. Qe4 Rd1+ 0-1

[Event "SVR-ch MT-B"]
[Site "Hennweiler"]
[Date "2018.03.25"]
[Round "3"]
[White "Zirwes, Hans Juergen"]
[Black "Bruziks, George"]
[Result "0-1"]
[WhiteElo "1871"]
[BlackElo "1984"]
[PlyCount "64"]
[EventDate "2018.03.24"]
[EventType "tourn"]
[EventRounds "7"]
[EventCountry "GER"]
[SourceTitle "EXT 2020"]
[Source "ChessBase"]
[SourceDate "2019.10.17"]
[SourceVersion "1"]
[SourceVersionDate "2019.10.17"]
[SourceQuality "1"]

1. d4 c5 2. d5 Nf6 3. c4 b5 4. Nc3 b4 5. Na4 d6 6. Qc2 Bd7 7. b3 Bxa4 8. bxa4 g6 9. Rb1 Nbd7 10. e3 Bg7 11. Be2 0-0 12. Nf3 Qa5 13. 0-0 Nb6 14. Bd1 Qa6 15. Nd2 Nfd7 16. a3 Rfc8 17. f4 Bc3 18. Qe4 Kf8 19. f5 Nf6 20. Qh4 Kg7 21. g4 Bxd2 22. Bxd2 Qxc4 23. Bf3 Nbxd5 24. Rbe1 bxa3 25. e4 Qd4+ 26. Rf2 a2 27. g5 a1Q 28. Rxa1 Qxa1+ 29. Kg2 Qd4 30. Qh6+ Kg8 31. exd5 Ne4 32. Bxe4 Qxe4+ 0-1

[Event "SVR-ch MT-B"]
[Site "Heimbach Weis"]
[Date "2017.04.15"]
[Round "9"]
[White "Haffner, Ernst Georg"]
[Black "Bruziks, George"]
[Result "1/2-1/2"]
[WhiteElo "1941"]
[BlackElo "1996"]
[PlyCount "57"]
[EventDate "2017.04.07"]
[EventType "tourn"]
[EventRounds "9"]
[EventCountry "GER"]
[SourceTitle "EXT 2020"]
[Source "ChessBase"]
[SourceDate "2019.10.17"]
[SourceVersion "1"]
[SourceVersionDate "2019.10.17"]
[SourceQuality "1"]

1. d4 Nf6 2. c4 c5 3. d5 b5 4. cxb5 a6 5. bxa6 g6 6. Nc3 Bg7 7. e4 d6 8. Bb5+ Nfd7 9. Nge2 Bxa6 10. 0-0 0-0 11. Kh1 Qb6 12. a4 Bxb5 13. Nxb5 Na6 14. Rb1 c4 15. Be3 Nac5 16. Qc2 Qb7 17. Nec3 Rfc8 18. f4 Nb6 19. Ra1 Nb3 20. Ra3 Ra6 21. Qe2 Qa8 22. f5 Nxa4 23. Nxa4 Rxa4 24. fxg6 hxg6 25. Qf2 Rf8 26. Nc7 Qa5 27. Bb6 Qb4 28. Na6 Qb5 29. Nc7 1/2-1/2

[Event "SVR-ch MT-B"]
[Site "Heimbach Weis"]
[Date "2017.04.09"]
[Round "5"]
[White "Schwab, Thomas"]
[Black "Bruziks, George"]
[Result "1-0"]
[WhiteElo "1983"]
[BlackElo "1996"]
[PlyCount "71"]
[EventDate "2017.04.07"]
[EventType "tourn"]
[EventRounds "9"]
[EventCountry "GER"]
[SourceTitle "EXT 2020"]
[Source "ChessBase"]
[SourceDate "2019.10.17"]
[SourceVersion "1"]
[SourceVersionDate "2019.10.17"]
[SourceQuality "1"]

1. e4 c5 2. Nf3 e6 3. c3 Nf6 4. e5 Nd5 5. d4 cxd4 6. cxd4 Nc6 7. Bc4 Nb6 8. Bd3 d5 9. Nc3 Be7 10. 0-0 a6 11. a3 Nd7 12. Qc2 Nf8 13. Be3 Ng6 14. g3 Bd7 15. Kg2 Rc8 16. Rac1 Na5 17. Qe2 b5 18. h4 h5 19. Rc2 Bc6 20. Nd2 Nc4 21. Nf3 a5 22. Ra1 Qd7 23. Kg1 b4 24. axb4 Bxb4 25. Rcc1 Bxc3 26. Rxc3 Rb8 27. b3 Nxe3 28. Qxe3 a4 29. bxa4 Bxa4 30. Qg5 Bc6 31. Bxg6 fxg6 32. Qxg6+ Kf8 33. Rac1 Rh6 34. Qc2 Ba4 35. Qa2 Ra8 36. Ra3 1-0

[Event "SVR-ch MT-B"]
[Site "Heimbach Weis"]
[Date "2017.04.08"]
[Round "2"]
[White "Thieme Garmann, Alexander"]
[Black "Bruziks, George"]
[Result "1/2-1/2"]
[WhiteElo "2031"]
[BlackElo "1996"]
[PlyCount "32"]
[EventDate "2017.04.07"]
[EventType "tourn"]
[EventRounds "9"]
[EventCountry "GER"]
[SourceTitle "EXT 2020"]
[Source "ChessBase"]
[SourceDate "2019.10.17"]
[SourceVersion "1"]
[SourceVersionDate "2019.10.17"]
[SourceQuality "1"]

1. e4 c5 2. Nc3 g6 3. g3 Nc6 4. Bg2 Bg7 5. d3 d6 6. h3 Rb8 7. Be3 b5 8. Qd2 Bd7 9. Nge2 b4 10. Nd1 e5 11. c3 Nge7 12. Bh6 0-0 13. Bxg7 Kxg7 14. Ne3 f5 15. f4 Be6 16. c4 Nd4 1/2-1/2

[Event "Rheinland Pfalz op 8th"]
[Site "Reil an der Mosel"]
[Date "2016.05.27"]
[Round "3"]
[White "Carow, Annelen"]
[Black "Bruziks, George"]
[Result "1-0"]
[WhiteElo "2072"]
[BlackElo "1998"]
[PlyCount "67"]
[EventDate "2016.05.26"]
[EventType "swiss"]
[EventRounds "7"]
[EventCountry "GER"]
[SourceTitle "EXT 2018"]
[Source "ChessBase"]
[SourceDate "2017.10.13"]
[SourceVersion "1"]
[SourceVersionDate "2017.10.13"]
[SourceQuality "1"]

1. d4 d5 2. c4 e6 3. Nc3 c5 4. cxd5 exd5 5. Nf3 Nc6 6. g3 Nf6 7. Bg2 Be7 8. 0-0 0-0 9. dxc5 Bxc5 10. a3 a6 11. b4 Be7 12. Bb2 Be6 13. Nd4 Qd6 14. Na4 Rad8 15. Nc5 Bc8 16. Qc2 Rfe8 17. Nf5 Bxf5 18. Qxf5 Qb8 19. Rac1 Bxc5 20. Rxc5 Ne7 21. Qc2 Qd6 22. Rd1 b6 23. Rc3 Rc8 24. Rxc8 Rxc8 25. Qd3 b5 26. e4 Ng4 27. exd5 Rc4 28. h3 Nf6 29. Bd4 Nd7 30. Be3 Ne5 31. Qd2 Nf5 32. Bc5 Qg6 33. Re1 f6 34. d6 1-0

[Event "SVR-ch MTB"]
[Site "Trier"]
[Date "2016.03.24"]
[Round "4"]
[White "Schwab, Thomas"]
[Black "Bruziks, George"]
[Result "1-0"]
[WhiteElo "1992"]
[BlackElo "2003"]
[PlyCount "79"]
[EventDate "2016.03.19"]
[EventType "tourn"]
[EventRounds "7"]
[EventCountry "GER"]
[SourceTitle "CBM 171 Extra"]
[Source "ChessBase"]
[SourceDate "2016.04.26"]
[SourceVersion "1"]
[SourceVersionDate "2016.04.26"]
[SourceQuality "1"]

1. e4 c5 2. Nf3 Nc6 3. c3 e6 4. d4 d5 5. exd5 exd5 6. Bb5 Bd7 7. 0-0 Qb6 8. Qe2+ Be7 9. dxc5 Qxc5 10. Nbd2 Nf6 11. Re1 Ne4 12. Bxc6 Bxc6 13. Nd4 Rc8 14. Nf5 Kf8 15. Nb3 Qb6 16. Nxe7 Kxe7 17. Be3 Qb5 18. Bxa7 Qxe2 19. Rxe2 Kf6 20. f3 Nd6 21. Rae1 Rhe8 22. Bd4+ Kg6 23. Na5 Rxe2 24. Rxe2 Bb5 25. Re7 Nf5 26. Rxb7 Nxd4 27. cxd4 Rc1+ 28. Kf2 Rc2+ 29. Kg3 Bf1 30. Kf4 Rxg2 31. Nc6 Rxh2 32. Ne5+ Kh5 33. Nxf7 Re2 34. a4 h6 35. a5 g5+ 36. Kf5 Bh3+ 37. Kf6 Re6+ 38. Kg7 Rg6+ 39. Kf8 Rf6 40. Ke7 1-0

[Event "SVR-ch MTB 38th"]
[Site "Nickenich"]
[Date "2015.04.04"]
[Round "9"]
[White "Sanati, Charlotte"]
[Black "Bruziks, George"]
[Result "0-1"]
[WhiteElo "1928"]
[BlackElo "1914"]
[PlyCount "50"]
[EventDate "2015.03.27"]
[EventType "tourn"]
[EventRounds "9"]
[EventCountry "GER"]
[SourceTitle "EXT 2016"]
[Source "ChessBase"]
[SourceDate "2015.10.08"]
[SourceVersion "1"]
[SourceVersionDate "2015.10.08"]
[SourceQuality "1"]

1. e4 c5 2. Nf3 a6 3. c3 d5 4. exd5 Qxd5 5. d4 Nf6 6. Be2 e6 7. 0-0 Be7 8. Be3 Nbd7 9. Nbd2 0-0 10. Nc4 cxd4 11. Nxd4 b5 12. Bf3 Ne4 13. Qc2 f5 14. Na5 Ndf6 15. Rfd1 Qe5 16. Ndc6 Qc7 17. Nxe7+ Qxe7 18. Bg5 Nxg5 19. Bxa8 Qc7 20. Nb3 Ng4 21. Qd2 Qxh2+ 22. Kf1 Ne4 23. Bxe4 fxe4 24. Qd8 Qf4 25. Qd4 Ne3+ 0-1

[Event "SVR-ch MTB 38th"]
[Site "Nickenich"]
[Date "2015.03.29"]
[Round "5"]
[White "Bruziks, George"]
[Black "Froembgen, Wolfgang"]
[Result "1/2-1/2"]
[WhiteElo "1914"]
[BlackElo "2083"]
[PlyCount "89"]
[EventDate "2015.03.27"]
[EventType "tourn"]
[EventRounds "9"]
[EventCountry "GER"]
[SourceTitle "EXT 2016"]
[Source "ChessBase"]
[SourceDate "2015.10.08"]
[SourceVersion "1"]
[SourceVersionDate "2015.10.08"]
[SourceQuality "1"]

1. e4 c5 2. Nf3 e6 3. c3 Nf6 4. e5 Nd5 5. d4 cxd4 6. cxd4 Nc6 7. Nc3 Bb4 8. Bd2 a6 9. Bd3 Qb6 10. a3 Be7 11. Nxd5 exd5 12. Bc3 Nd8 13. 0-0 0-0 14. Re1 g6 15. Bc2 Qc6 16. Rc1 b5 17. Bb3 Bb7 18. Bb4 Qe6 19. Bxe7 Qxe7 20. Rc5 Ne6 21. Rc1 Kg7 22. Qd2 Rfc8 23. h3 Qd8 24. Nh2 h5 25. Nf1 Rxc1 26. Rxc1 Rc8 27. Rxc8 Qxc8 28. Ne3 Qa8 29. Qb4 Bc6 30. Qd6 Qf8 31. Qxf8+ Kxf8 32. Nc2 a5 33. g3 Ke7 34. f4 f5 35. exf6+ Kxf6 36. Kf2 h4 37. gxh4 Nxf4 38. Ke3 Ng2+ 39. Kf2 Nxh4 40. Ne3 Nf5 41. Nxf5 Kxf5 42. Bc2+ Kf6 43. b4 axb4 44. axb4 d6 45. Kg3 1/2-1/2

[Event "SVR-ch MTB 37th"]
[Site "Heimbach Weis"]
[Date "2014.04.12"]
[Round "2"]
[White "Zirwes, Hans Juergen"]
[Black "Bruziks, George"]
[Result "0-1"]
[WhiteElo "1920"]
[BlackElo "1911"]
[PlyCount "84"]
[EventDate "2014.04.11"]
[EventType "tourn"]
[EventRounds "9"]
[EventCountry "GER"]
[SourceTitle "CBM 160 Extra"]
[Source "ChessBase"]
[SourceDate "2014.07.01"]
[SourceVersion "1"]
[SourceVersionDate "2014.07.01"]
[SourceQuality "1"]

1. d4 Nf6 2. Nf3 c5 3. c3 b6 4. Bf4 Bb7 5. e3 d6 6. Qb3 Nbd7 7. Nbd2 e6 8. a4 Be7 9. a5 Bd5 10. Qa4 0-0 11. Bd3 cxd4 12. cxd4 e5 13. dxe5 dxe5 14. Bxe5 Nc5 15. Qd4 Bxf3 16. Bxh7+ Kxh7 17. Nxf3 Qxd4 18. Bxd4 Nb3 19. Ra4 Nxa5 20. 0-0 Nc6 21. Bc3 Nd5 22. Bd2 Rfd8 23. Rc1 Ndb4 24. g3 Rac8 25. Kg2 a5 26. h4 Bf6 27. Bc3 Bxc3 28. Rxc3 f6 29. Ra1 Nd3 30. Rb3 Ncb4 31. Nd4 Nc5 32. Rc3 Ne4 33. Rxc8 Rxc8 34. Rd1 Nc2 35. Ne6 Rc6 36. Nf4 b5 37. Rd7 Rd6 38. Rb7 Rd2 39. Kf3 f5 40. Nh3 Ne1+ 41. Kf4 Nd3+ 42. Kf3 Rxb2 0-1

[Event "Rheinland Pfalz op 4th"]
[Site "Altenkirchen"]
[Date "2012.06.09"]
[Round "5"]
[White "Bruziks, George"]
[Black "Zhang, Fan"]
[Result "1/2-1/2"]
[WhiteElo "1857"]
[BlackElo "2095"]
[PlyCount "66"]
[EventDate "2012.06.07"]
[EventType "swiss"]
[EventRounds "7"]
[EventCountry "GER"]
[SourceTitle "CBM 148 Extra"]
[Source "ChessBase"]
[SourceDate "2012.06.22"]
[SourceVersion "1"]
[SourceVersionDate "2012.06.22"]
[SourceQuality "1"]

1. e4 e6 2. d4 d5 3. Nd2 c5 4. c3 cxd4 5. cxd4 dxe4 6. Nxe4 Nf6 7. Nc3 Nc6 8. Nf3 Be7 9. Bd3 0-0 10. 0-0 Nb4 11. Bb1 b6 12. a3 Nbd5 13. Qd3 Nxc3 14. bxc3 Bb7 15. Re1 Qc7 16. Bg5 g6 17. Ba2 Rfd8 18. Ne5 Nd5 19. Bd2 Bf6 20. Qh3 Bg7 21. Rac1 Rac8 22. Bg5 Re8 23. c4 Nf6 24. Qh4 Nd7 25. Ng4 h5 26. Nh6+ Kf8 27. d5 Nc5 28. Re3 Qd6 29. Rf3 Rc7 30. Re1 exd5 31. Rxe8+ Kxe8 32. Re3+ Ne6 33. Bf4 Qc6 1/2-1/2

[Event "Rheinland Pfalz op 4th"]
[Site "Altenkirchen"]
[Date "2012.06.07"]
[Round "1"]
[White "Bruziks, George"]
[Black "Kravtsiv, Martyn"]
[Result "0-1"]
[WhiteElo "1857"]
[BlackElo "2588"]
[PlyCount "72"]
[EventDate "2012.06.07"]
[EventType "swiss"]
[EventRounds "7"]
[EventCountry "GER"]
[SourceTitle "CBM 148 Extra"]
[Source "ChessBase"]
[SourceDate "2012.06.22"]
[SourceVersion "1"]
[SourceVersionDate "2012.06.22"]
[SourceQuality "1"]

1. e4 e5 2. Nf3 Nc6 3. Nc3 Nf6 4. Bb5 Bd6 5. d3 0-0 6. Bg5 h6 7. Bh4 a6 8. Ba4 b5 9. Bb3 Be7 10. Bg3 d6 11. a4 Bg4 12. axb5 axb5 13. Nxb5 Rb8 14. c4 Nd4 15. Nbxd4 exd4 16. Qc2 Bxf3 17. gxf3 Nd7 18. Ba4 Nc5 19. Bc6 Rxb2 20. Qd1 Qb8 21. 0-0 Qb4 22. Ra7 Qb6 23. Qa1 Nxd3 24. Rb7 Qxc6 25. Rxb2 Nxb2 26. Qxb2 Bf6 27. Qc2 Ra8 28. Rb1 g6 29. Bf4 Kg7 30. Rb5 Qa6 31. Bd2 Qa1+ 32. Rb1 Qa2 33. Rb2 Qa4 34. Qc1 d3 35. Bc3 Be5 36. Rd2 Qa3 0-1

[Event "Rheinland Pfalz op 4th"]
[Site "Altenkirchen"]
[Date "2012.06.07"]
[Round "2"]
[White "Forster, Manfred"]
[Black "Bruziks, George"]
[Result "0-1"]
[WhiteElo "1459"]
[BlackElo "1857"]
[PlyCount "120"]
[EventDate "2012.06.07"]
[EventType "swiss"]
[EventRounds "7"]
[EventCountry "GER"]
[SourceTitle "CBM 148 Extra"]
[Source "ChessBase"]
[SourceDate "2012.06.22"]
[SourceVersion "1"]
[SourceVersionDate "2012.06.22"]
[SourceQuality "1"]

1. e4 c5 2. d4 cxd4 3. c3 dxc3 4. Nxc3 d6 5. Bc4 Nc6 6. Nf3 Nf6 7. 0-0 e6 8. Qe2 Be7 9. Be3 a6 10. Rfd1 Qc7 11. Rac1 0-0 12. Bb3 Qa5 13. Nd4 Bd7 14. a3 Rac8 15. g4 Nxd4 16. Bxd4 e5 17. Be3 Bxg4 18. f3 Be6 19. Bxe6 fxe6 20. Kh1 Nh5 21. Qg2 Nf4 22. Qg3 Rcd8 23. Rc2 Rf6 24. Bxf4 exf4 25. Qf2 Qh5 26. Ne2 Rdf8 27. Rc7 R6f7 28. Nd4 Bh4 29. Qc2 Rxc7 30. Qxc7 e5 31. Rg1 Bf6 32. Rg4 exd4 33. Qxd6 Qe5 34. Qd7 Rf7 35. Qc8+ Rf8 36. Qxb7 h5 37. Qb3+ Kh7 38. Rg2 Rc8 39. h3 Rc1+ 40. Kh2 Bh4 41. Rg1 Rxg1 42. Kxg1 Qg5+ 43. Kf1 Qg3 44. Ke2 Qf2+ 45. Kd1 Qf1+ 46. Kc2 Qxh3 47. e5 Qg2+ 48. Kb1 Qg6+ 49. Ka2 d3 50. e6 Bf6 51. Qd5 h4 52. Qd6 Bg5 53. Qd7 d2 54. Qxd2 Qxe6+ 55. b3 Qe3 56. Qc2+ Kh6 57. Qc6+ Bf6 58. a4 Qd2+ 59. Ka3 a5 60. Qc7 Qb2# 0-1

[Event "SVR-ch MAT-I 35th"]
[Site "Nickenich"]
[Date "2012.04.05"]
[Round "6"]
[White "Bruziks, George"]
[Black "Knapp, Michael"]
[Result "0-1"]
[WhiteElo "1891"]
[BlackElo "2011"]
[PlyCount "48"]
[EventDate "2012.03.30"]
[EventType "tourn"]
[EventRounds "9"]
[EventCountry "GER"]
[SourceTitle "EXT 2013"]
[Source "ChessBase"]
[SourceDate "2012.11.22"]
[SourceVersion "1"]
[SourceVersionDate "2012.11.22"]
[SourceQuality "1"]

1. e4 e6 2. d4 d5 3. Nd2 Nf6 4. e5 Nfd7 5. Bd3 c5 6. c3 Nc6 7. Ngf3 Qb6 8. 0-0 cxd4 9. cxd4 Nxd4 10. Nxd4 Qxd4 11. Nf3 Qb6 12. Qa4 Qb4 13. Qc2 Nc5 14. Bd2 Qa4 15. b3 Qd7 16. Bxh7 g6 17. Bxg6 fxg6 18. Qxg6+ Qf7 19. Qg4 Rg8 20. Ng5 Ne4 21. Rad1 Bd7 22. h4 Bc5 23. Be3 Nxg5 24. Bxg5 Bb5 0-1

[Event "SVR-ch MAT-II 33rd"]
[Site "Mendig"]
[Date "2010.04.01"]
[Round "6"]
[White "Casper, Tilman"]
[Black "Bruziks, George"]
[Result "0-1"]
[WhiteElo "1655"]
[BlackElo "1930"]
[PlyCount "70"]
[EventDate "2010.03.26"]
[EventType "tourn"]
[EventRounds "9"]
[EventCountry "GER"]
[SourceTitle "EXT 2011"]
[Source "ChessBase"]
[SourceDate "2010.11.26"]
[SourceVersion "1"]
[SourceVersionDate "2010.11.26"]
[SourceQuality "1"]

1. d4 Nf6 2. Nf3 e6 3. e3 c5 4. c3 d5 5. Bd3 b6 6. Ne5 Nbd7 7. Nd2 Bb7 8. Ndf3 Bd6 9. 0-0 Qc7 10. Nxd7 Nxd7 11. Bd2 c4 12. Bc2 h6 13. g3 g5 14. Qe2 f5 15. b3 0-0-0 16. Rfe1 Nf6 17. bxc4 dxc4 18. Ne5 Bxe5 19. dxe5 Qc6 20. f3 Ng4 21. Be4 fxe4 22. fxg4 Rhf8 23. Bc1 Rf3 24. Rb1 Rd3 25. Bd2 Qd5 26. Red1 Qxe5 27. Rb4 Qd5 28. a4 Rfxe3 29. Bxe3 Rxd1+ 30. Kf2 Ba6 31. Qb2 e5 32. Qe2 Rd3 33. h4 Rxc3 34. hxg5 hxg5 35. Bxg5 Qc5+ 0-1